Tous les opéras de Wagner - Statistiques

Statistiques générales
  • Ce quiz a été pris 31 fois
  • Le résultat moyen est 6 sur 13
Statistiques - réponses
Première représentation Opéra % Correct
1876 Siegfried
77%
1870 La Walkyrie
73%
1882 Parsifal
68%
1876 Le Crépuscule des dieux
64%
1850 Lohengrin
59%
1869 L'Or du Rhin
59%
1845 Tannhäuser
55%
1843 Le Vaisseau fantôme
41%
1842 Rienzi
41%
1865 Tristan et Isolde
41%
1868 Les Maîtres chanteurs de Nuremberg
32%
1836 La Défense d'aimer
18%
1888 Les Fées
18%
Aucun quiz correspondant
Distribution des résultats
% des personnes avec chaque résultat
Percentile par nombre de réponses
Votre historique - résultats
Vous n’avez pas pris ce quiz